000 00544cad a22001935a 4500
001 L159792
008 150226s2016 xxk f 000 0 eng d
035 _a(Sirsi) u159792
041 0 _aeng
100 1 _aWatson, Stuart
245 0 0 _aShow me the money
260 _c2016
490 _aModus
_vMarch 2016, 38-39 (2)
520 _aReports on the construction costs in Switzerland, one of the world's most expensive real estate markets.
590 _aKA
650 2 4 _aREAL ESTATE MARKET
650 2 4 _aCONSTRUCTION COSTS
942 _n0
_2ddc
999 _c84989
_d84989